Co znamená TPM
TPM (Total Productive Manufakturing) ako nepretržitý a neustále sa vyvíjajúci proces, ktorý sa začína zmenou doterajšieho pohľadu na spoluprácu úseku, výroby, údržby a ďalších útvarov (logistika, príprava výroby, technológia) podieľajúcich sa na bezchybnom priebehu výrobného procesu. Stratégia a výc...
Salvato in:
| Autore principale: | |
|---|---|
| Natura: | Capitolo di libro |
| Lingua: | ceco |
| Soggetti: | |
| Tags: |
Nessun Tag, puoi essere il primo ad aggiungerne!!
|
MARC
| LEADER | 00000naa a2200000 4500 | ||
|---|---|---|---|
| 001 | r036288 | ||
| 005 | 20231002100418.6 | ||
| 041 | 0 | |a cze | |
| 044 | |a CZ | ||
| 245 | 1 | 0 | |a Co znamená TPM |c Zdeňek Vyjídaček |
| 520 | |a TPM (Total Productive Manufakturing) ako nepretržitý a neustále sa vyvíjajúci proces, ktorý sa začína zmenou doterajšieho pohľadu na spoluprácu úseku, výroby, údržby a ďalších útvarov (logistika, príprava výroby, technológia) podieľajúcich sa na bezchybnom priebehu výrobného procesu. Stratégia a východiská TPM. Realizácia metódy TPM. | ||
| 610 | 2 | 0 | |a metódy organizácie |
| 610 | 2 | 0 | |a metódy riadenia |
| 610 | 2 | 0 | |a konkurencia |
| 610 | 2 | 0 | |a znižovanie nákladov |
| 610 | 2 | 0 | |a proces výrobný |
| 610 | 2 | 0 | |a spolupráca podnikov |
| 610 | 2 | 0 | |a stratégia podniková |
| 610 | 2 | 0 | |a TPM |
| 100 | 1 | |a Vyjídaček, Zdeňek | |